| 000 | 00599nam a22001697a 4500 | ||
|---|---|---|---|
| 003 | OSt | ||
| 005 | 20170307163559.0 | ||
| 008 | 170307s2016 sp a || |00| ||spa|d | ||
| 040 |
_bcat _cCDMR |
||
| 245 | 0 | 3 |
_aEl periodismo acosado _b: El nuevo mundo es cruel. Los que antes marcaban la conversación, ahora la persiguen. La credibilidad y la independencia están en cuestión |
| 260 |
_aMadrid : _beldiario.es, _c2016 |
||
| 300 |
_a82 p. : _bil. ; _c27 cm |
||
| 650 | 0 | 4 |
_aLlibertat d'impremta _91582 |
| 650 | 0 | 4 |
_aPeriodisme _93219 _xObjectivitat |
| 730 | 2 |
_aEldiario.es. _pCuadernos |
|
| 942 |
_2udc _cMON |
||
| 999 |
_c7000 _d7000 |
||